000 00889nam a2200265Ia 4500
003 OSt
005 20220923230957.0
006 a|||||r|||| 00| 0
007 ta
008 220922b |||||||| |||| 00| 0 hin d
024 _a327,490
037 _cTextual
040 _aARTS
_cARTS
_bhin
041 _2hin
_ahin
082 _aO152,3N37x, M4
100 _aकाशीनाथ सिंह, ले.
245 0 _aप्रतिनिधि कहानियॉं
246 _aPratinidhi kahāniyaॉan
260 _aदिल्ली
_b राजकमल पेपरबैक्स
_c1984
300 _a151पृ.
_ccm.
650 _a हिन्दी साहित्य
_9156264
650 _aहिन्दी कहानी
942 _hO152,3N37x, M4
_cTEXL
_2CC
999 _c388548
_d388548